000 00470nam a2200169 i 4500
001 25066
003 ES-MaACL
005 20231101063025.0
007 t|
008 021220s1967 sp ||||1| spa d
100 1 _aAradillas, Antonio,
_d1928-
_922156
245 1 0 _aIglesia
_b: nueva frontera /
_cAntonio Aradillas.
260 _aMadrid :
_bAtenas,
_c[1967]
300 _a279 p. ;
_c19 cm.
852 _aES-MaACL
_jC-33870
_bR.64654
999 _c25066
_d25066